West Pakistan in Maps and Statistics (Record no. 638)

MARC details
000 -LEADER
fixed length control field 00551nam a2200229 a 4500
020 ## - INTERNATIONAL STANDARD BOOK NUMBER
ISBN
082 00 - DEWEY DECIMAL CLASSIFICATION NUMBER
Classification number 912.549
Author Cutter KHA
100 ## - MAIN ENTRY--AUTHOR NAME
Author name Khan, Farhatullah
245 ## - TITLE STATEMENT
Title West Pakistan in Maps and Statistics
260 ## - PUBLICATION, DISTRIBUTION, ETC. (IMPRINT)
Place of publication Lahore
Name of publisher Feroz Sons
Year of publication 1948
300 ## - PHYSICAL DESCRIPTION
Number of Pages 62p
500 ## - GENERAL NOTE
General note includes index and biblioraphy
505 2# - FORMATTED CONTENTS NOTE
Formatted contents note reference
650 ## - SUBJECT ADDED ENTRY--TOPICAL TERM
Topical Term Pakistan-West-atlas
942 ## - ADDED ENTRY ELEMENTS (KOHA)
Koha item type Books
Holdings
Collection code Home library Current library Date acquired Cost, normal purchase price Full call number Accession Number Koha item type
  Henry Martyn Institute Library Henry Martyn Institute Library 06/05/2007 100.00 912.549 KHA 04866 Books
                   Copyright © 2026 | Henry Martyn Institute | Hyderabad | TS-500052 | INDIA | Implemented by hmi.edu.in
Hit-Count:

Powered by Koha